| 000 | 00500cam a2200193ua 4500 | ||
|---|---|---|---|
| 001 | 9892 | ||
| 008 | 161007n2016 ii |||gr||||Z||||||asm | ||
| 040 | _cMAIN | ||
| 041 | _aasm | ||
| 082 | _a954 | ||
| 100 |
_aBegum, Chenehi, _eEditor. |
||
| 245 |
_aBharat itihasor bikhaybastu : _bHS second year / _cEd. by Chenehi Begum . |
||
| 250 | _bV 2. | ||
| 260 |
_aGuwahati _bAHSEC _c2016 |
||
| 300 | _a142p. | ||
| 653 | _aSouth Asia India | ||
| 700 |
_aKalita, ramesh Chandra, _eTranslator. |
||
| 942 | _cBK | ||
| 999 |
_c8901 _d8901 |
||